El artículo treinta y tres (Record no. 166945)

MARC details
000 -LEADER
campo de control de longitud fija 00893nam a22001815i 4500
001 - NÚMERO DE CONTROL
campo de control 166945
003 - IDENTIFICADOR DE NÚMERO DE CONTROL
campo de control ES-MaACL
005 - FECHA Y HORA DE LA ÚLTIMA TRANSACCIÓN
campo de control 20230906213430.0
008 - DATOS DE LONGITUD FIJA--INFORMACIÓN GENERAL
campo de control de longitud fija 000405s1869 sp |||| | spa d
040 ## - FUENTE DE CATALOGACIÓN
Centro catalogador/agencia de origen CAM
Lengua de catalogación spa
Centro/agencia transcriptor CAM
100 1# - ENTRADA PRINCIPAL--NOMBRE DE PERSONA
Nombre de persona Vallejo, Mariano,
Fechas asociadas al nombre m. 1911
9 (RLIN) 139767
245 13 - MENCIÓN DEL TÍTULO
Título El artículo treinta y tres
Resto del título : discusión bufo-político-monárquico-bailable y hasta si se quiere profética /
Mención de responsabilidad, etc. original de José Mariano Vallejo y Compañía con música de sun señor muy conocido por su nombre y apellido.
260 ## - PUBLICACIÓN, DISTRIBUCIÓN, ETC.
Lugar de publicación, distribución, etc. Madrid :
Nombre del editor, distribuidor, etc. [s.n.],
Fecha de publicación, distribución, etc. 1869.
300 ## - DESCRIPCIÓN FÍSICA
Extensión 23 p. ;
Dimensiones 21 cm.
500 #1 - NOTA GENERAL
Nota general En port.: Representada en el Teatro de Verano (Circo de Paul) en la noche del 5 de junio de 1869.
852 ## - LOCALIZACIÓN
Ubicación ES-MaACL
Número de control de estantería F-8561(2)
Nota libre -- Enc. pasta española
-- -- Enc. en un vol. facticio formando parte de la col. facticia "Teatro español moderno", vol. 12
Holdings
Estatus retirado Estado de pérdida Estado de daño No para préstamo Colección Biblioteca de origen Biblioteca actual Ubicación en estantería Fecha de adquisición Total de préstamos Signatura topográfica completa Código de barras Visto por última vez Precio de reemplazo Tipo de ítem Koha
        Libros del s. XIX Biblioteca del Ateneo de Madrid Biblioteca del Ateneo de Madrid Sala Pecera Planta 2 17/01/2008   F-8561(2) 1175123 23/02/2023 23/02/2023 Libro impreso antiguo